000
00273nam a2200097Ia 4500
001
1111671
005
20250827003915.0
008
250824s9999 xx 000 0 und d
245
0
_a
AŞKIN GÖZYAŞLARI TEBRİZLİ ŞEMS
_c
SİNAN YAĞMUR
260
_b
KARATAY AKADEMİ YAYINLARI
999
_c
1111671
_d
1111671